Género e historia
Saved in:
| 主要作者: | |
|---|---|
| 格式: | 圖書 |
| 語言: | 西班牙语 |
| 出版: |
Ciudad de México
Fondo de Cultura Económica- Universidad Autónoma de la Ciudad de México
2008
|
| 版: | 1a. ed |
| 主題: | |
| 標簽: |
添加標簽
沒有標簽, 成為第一個標記此記錄!
|
MARC
| LEADER | 00000cam a2200000 a 4500 | ||
|---|---|---|---|
| 001 | UCG1352 | ||
| 003 | CL-VaPUC | ||
| 005 | 20210604105847.0 | ||
| 008 | 100429e20080000MX |||||||||||||||||spa|d | ||
| 999 | |c 340756 |d 340754 | ||
| 020 | |a 9789681684983 | ||
| 040 | |c Pontificia Universidad Católica de Valparaíso | ||
| 082 | 0 | 4 | |a 305.4 SCO 2008 |2 21 |
| 100 | 0 | |a Scott, Joan Wallach |e author |9 549257 | |
| 245 | 1 | 0 | |a Género e historia |
| 250 | |a 1a. ed | ||
| 260 | |a Ciudad de México |b Fondo de Cultura Económica- |b Universidad Autónoma de la Ciudad de México |c 2008 | ||
| 300 | |a 337 p | ||
| 583 | |a last modification |c 20140925 05:10:11 |k Rodrigo Vera | ||
| 650 | 0 | |a Estudios de género |9 549258 | |
| 650 | 0 | |a Mujeres |9 257649 |x Historia | |
| 650 | 0 | |a Participación femenina |2 CL-VaPUC |9 549259 | |
| 650 | 0 | |a Feminismo |9 259085 | |
| 942 | |c BK |2 ddc | ||
| 945 | |d 20100429 00:00:00 |a dcastane | ||
| 952 | |0 0 |1 0 |4 0 |6 305_400000000000000_SCO_2008 |7 0 |8 A |9 435746 |a BIBCUR |b BIBCUR |d 2019-11-22 |i 4668324 |o 305.4 SCO 2008 |p 4668324 |r 2025-04-22 |w 2019-11-22 |y BK |k PER | ||
| 952 | |0 0 |1 0 |4 0 |6 305_400000000000000_SCO_2008 |7 0 |8 A |9 435747 |a BIBEDU |b BIBEDU |d 2019-11-22 |i 4698096 |l 3 |o 305.4 SCO 2008 |p 4698096 |r 2024-09-23 |s 2024-09-09 |w 2019-11-22 |y BK |k PSI | ||
| 952 | |0 0 |1 0 |3 erb |4 0 |6 305_400000000000000_SCO_2008 |7 0 |8 A |9 435748 |a BIBHIS |b BIBHIS |i 5116449 |l 8 |m 2 |o 305.4 SCO 2008 |p 5116449 |r 2025-01-20 |s 2024-08-13 |w 2019-11-22 |y BK |z Catalogado en:20140925 |k HIS | ||
| 952 | |0 0 |1 0 |3 erb |4 0 |6 305_400000000000000_SCO_2008 |7 0 |8 A |9 435749 |a BIBHIS |b BIBHIS |i 5250188 |l 14 |m 3 |o 305.4 SCO 2008 |p 5250188 |q 2025-06-04 |r 2025-05-05 |s 2025-05-05 |w 2019-11-22 |y BK |z Catalogado en:20151112 |k HIS | ||
| 952 | |0 0 |1 0 |2 ddc |4 0 |6 305_400000000000000_SCO_2008 |7 0 |8 A |9 578014 |a BIBHIS |b BIBHIS |d 2021-06-04 |i 5622131 |l 6 |m 4 |o 305.4 SCO 2008 |p 5622131 |r 2025-01-20 |s 2024-03-25 |t 5 |w 2021-06-04 |y BK |k HIS | ||